Biblioteca y Centro de Documentación

Situación económica y social de Castilla y León en 2010 (Registro nro. 23964)

Detalles MARC
000 -CABECERA
Longitud fija campo de control 01746nam a2200433 c 4500
001 - NÚMERO DE CONTROL
Número de control 23964
003 - IDENTIFICADOR DE NÚMERO DE CONTROL
Identificador del número de control ES-MaCES
005 - FECHA Y HORA DE LA ÚLTIMA TRANSACCIÓN
Fecha y hora de la última transacción 20141221122859.0
008 - CAMPO FIJO DE DESCRIPCIÓN FIJA--INFORMACIÓN GENERAL
Códigos de información de longitud fija   110826s2011 sp bd t o000 | spa d
017 ## - NÚMERO DE REGISTRO DE DERECHOS DE AUTOR Y DEPÓSITO LEGAL
Número de copyright o de depósito legal VA 532-2011
Agencia que asigna el número DL
020 ## - ISBN (INTERNATIONAL STANDARD BOOK NUMBER)
Número Internacional Normalizado para Libros (ISBN) 978849530848_7
035 ## - NÚMERO DE CONTROL DEL SISTEMA
Número de control del sistema CES20110006747m
040 ## - FUENTE DE CATALOGACIÓN
Centro catalogador de origen ES-MaCES
Lengua de catalogación spa
Centro transcriptor ES-MaCES
245 00 - MENCIÓN DE TÍTULO
Título Situación económica y social de Castilla y León en 2010
Mención de responsabilidad, etc. Consejo Económico y Social, Comunidad de Castilla y León
260 ## - PUBLICACIÓN, DISTRIBUCIÓN, ETC (PIE DE IMPRENTA)
Lugar de publicación, distribución, etc. Valladolid
Nombre del editor, distribuidor, etc. CES
Fecha de publicación, distribución, etc. [2011]
300 ## - DESCRIPCIÓN FÍSICA
Extensión 2 v. (1007, 527 p.)
Otras características físicas gráf., mapas, col.
Dimensiones 24 cm
500 ## - NOTA GENERAL
Nota general Aprobado en la Sesión Plenaria del Consejo Económico y Social de 29 de junio de 2011
500 ## - NOTA GENERAL
Nota general Índices
505 0# - NOTA DE CONTENIDO FORMATEADA
Nota de contenido con formato t. I: Economía, mercado laboral, calidad de vida y protección social -- t. II: Conclusiones y recomendaciones
541 ## - NOTA DE LA FUENTE INMEDIANTE DE ADQUISICIÓN
Forma de adquisición Gratuito
650 #4 - ASIENTO SECUNDARIO DE MATERIA--TÉRMINO DE MATERIA
Término de materia o nombre geográfico como elemento inicial condiciones económicas
9 (RLIN) 27081
650 #4 - ASIENTO SECUNDARIO DE MATERIA--TÉRMINO DE MATERIA
Término de materia o nombre geográfico como elemento inicial condiciones sociales
9 (RLIN) 30469
650 #4 - ASIENTO SECUNDARIO DE MATERIA--TÉRMINO DE MATERIA
Término de materia o nombre geográfico como elemento inicial mercado de trabajo
9 (RLIN) 28292
650 #4 - ASIENTO SECUNDARIO DE MATERIA--TÉRMINO DE MATERIA
Término de materia o nombre geográfico como elemento inicial calidad de la vida
9 (RLIN) 29237
650 #4 - ASIENTO SECUNDARIO DE MATERIA--TÉRMINO DE MATERIA
Término de materia o nombre geográfico como elemento inicial protección social
9 (RLIN) 29076
650 #4 - ASIENTO SECUNDARIO DE MATERIA--TÉRMINO DE MATERIA
Término de materia o nombre geográfico como elemento inicial repertorio de recomendaciones prácticas
9 (RLIN) 29261
650 #4 - ASIENTO SECUNDARIO DE MATERIA--TÉRMINO DE MATERIA
Término de materia o nombre geográfico como elemento inicial Castilla y León
9 (RLIN) 30782
650 #4 - ASIENTO SECUNDARIO DE MATERIA--TÉRMINO DE MATERIA
Término de materia o nombre geográfico como elemento inicial 2010
9 (RLIN) 31233
650 #4 - ASIENTO SECUNDARIO DE MATERIA--TÉRMINO DE MATERIA
Término de materia o nombre geográfico como elemento inicial informe
9 (RLIN) 28986
653 10 - TÉRMINO DE INDEXACIÓN--NO CONTROLADO
Término no controlado Condiciones económicas
710 2# - ENCABEZAMIENTO SECUNDARIO--NOMBRE CORPORATIVO
Nombre de entidad o nombre de jurisdicción como elemento inicial Consejo Económico y Social (Castilla y León)
9 (RLIN) 2405
740 02 - ENCABEZAMIENTO SECUNDARIO--TÍTULO ANALÍTICO/RELACIONADO NO CONTROLADO
Título relacionado o analítico no controlado Economía, mercado laboral, calidad de vida y protección social
740 02 - ENCABEZAMIENTO SECUNDARIO--TÍTULO ANALÍTICO/RELACIONADO NO CONTROLADO
Título relacionado o analítico no controlado Conclusiones y recomendaciones
787 0# - ENTRADA DE OTRAS ESPECIFICACIONES
Título Situación económica y social de Castilla y León en 2011
Número de control del registro relacionado (ES-MaCES)24650
787 0# - ENTRADA DE OTRAS ESPECIFICACIONES
Título Situación económica y social de Castilla y León en 2009
Número de control del registro relacionado (ES-MaCES)23282
902 ## - CES. TIPO DE DOCUMENTO
Tipodoc (006$c Sirtex) LIB Libro
942 ## - ELEMENTOS KOHA
Fuente de clasificaión o esquema Clasificación propia del CES
Koha [por defecto] tipo de item Monografías
Parte de clasificación 0.0.
Existencias
Número de registro Signatura completa Tipo de item de Koha
079905 CES CYL-88 (T. I) Monografías
079906 CES CYL-89 (T. II) Monografías
© CES, Consejo Económico y Social de España 2021